000 00603nam a2200229Ia 4500
003 OSt
005 20220918215113.0
006 a|||||r|||| 00| 0
007 ta
008 220917b |||||||| |||| 00| 0 eng d
024 _a140,068
037 _cTextual
040 _aARTS
_cARTS
_beng
041 _2eng
_aeng
082 _aY1:1.6.N5, F7
100 _aSmith E W
_9133254
245 0 _aGolden stool
_b Some aspects of the conflict of cultures in modern Africa
260 _c1927
650 _aSOCIOLOGY
942 _hY1:1.6.N5, F7
_cTEXL
_2CC
999 _c263054
_d263054